Дело о покупке и рассылке сочинений Марциуса о Бразилии

Доступно только в Электронных читальных залах Найти на картеНа карте
RUSMARC
00003982nmc2a2200000 x 450
0016aed7c42-eb70-4c6f-bf9c-58a227cc7daf
00520151216150053.0
100##$a20150901l18351842k l0rusy0189 ca
1010#$arus
102##$aRU
2001#$aДело о покупке и рассылке сочинений Марциуса о Бразилии
$j5 мая 1835 г. - 28 декабря 1842 г.
251##$cДело
300##$aДело
300##$aОриг. заголовок дела: Дело об уплате Марциусу денег за экземпляры сочинений о Бразилии и о рассылках их в учебные заведения. 5 мая 1835 г. - 28 декабря 1842 г
801#0$aRU
$bРГИА
$c20150901
$gRCR
801#1$aRU
$bГлавНИВЦ
$c20150901
$2rusmarc
801#2$aRU
$bПБ им. Б.Н. Ельцина
$c20151216
$gRCR
$2rusmarc
850##$aРГИА
852##$aРГИА
$eФедеральное казенное учреждение "Российский государственный исторический архив" (РГИА)
$j5
937##$hРГИА
$d12091149
$aASBIBLIO_SCAN
462#0$10016e7ba0f3-98a0-45d9-8501-58dfee489242
$12001
$aДела Хозяйственного отделения Департамента народного просвещения за 1835-1849 гг.
$1251
$cОпись
$1852
$j105
461#0$1001a74412a3-3cc5-4d21-8f0a-dfe2fbd9e72d
$12001
$aДепартамент народного просвещения Министерства народного просвещения
$1251
$cФонд
$1852
$j733
215##$a131 л.
$d36,5х26 см
371##$aДокумент не является опубликованным и широко распространяемым
105##$ay###
1222#$ad
5171#$aДело об уплате Марциусу денег за экземпляры сочинений о Бразилии и о рассылках их в учебные заведения. 5 мая 1835 г. - 28 декабря 1842 г
035##$a6aed7c42-eb70-4c6f-bf9c-58a227cc7daf
Формат отображения